The Analysis and Use of Financial Statements /

Guardat en:
Dades bibliogràfiques
Autor principal: White, Gerald I. (autor)
Altres autors: Sondhi, Ashwinpaul C. (autor) (autor), Fried, Dov (autor) (autor)
Format: Llibre
Idioma:anglès
Publicat: Hoboken, EUA : Wiley, 2003, c2003
Edició:3a edición
Matèries:
Etiquetes: Afegir etiqueta
Sense etiquetes, Sigues el primer a etiquetar aquest registre!

MARC

LEADER 00000nam^a2200000^a^4500
001 000182471
005 20250521000000.0
009 20260310102007.397
020 |a 0-471-37594-2 
037 |a Acervo ITESO - Biblioteca 
041 |a ING 
082 |a 657. 3  |b WHI 
100 |a White, Gerald I.  |e (autor) 
245 1 4 |a The Analysis and Use of Financial Statements /  |c G.I. White, A.C. Sondhi, D. Fried. 
250 |a 3a edición 
264 4 |a Hoboken, EUA :  |b Wiley,  |c 2003, c2003 
300 |a XII, 767 p. +  |e 1 disco compacto de computadora 
336 |a texto  |b txt  |2 rdacontenido 
337 |a sin mediación  |b n  |2 rdamedio 
338 |a volumen  |b nc  |2 rdasoporte 
649 |a XX 
650 |a Información Financiera -  |x Análisis 
650 |a Estados Financieros 
650 |a Contabilidad 
650 |a Análisis Económico 
650 |a Ciencias Administrativas 
700 |a Sondhi, Ashwinpaul C.  |e (autor) 
700 |a Fried, Dov  |e (autor) 
910 |a Fondo General 
920 |a Impresos - Libros 
930 |a Colección General 
905 |a 101 
901 |a 0500122055  |b IT1  |c ACC  |u 20250521 
901 |a 0500122049  |b IT2  |c SWS  |u 20250521 
902 |a https://opac.biblio.iteso.mx/vufind/Record/000182471